000 00616nam a2200217Ia 4500
005 20241129111015.0
008 241129s9999||||xx |||||||||||||| ||und||
020 _a978-78330-465-3
037 _aTB
040 _aCRL
_beng
_cCRL
041 _aeng
_2eng
084 _a2:97(D65,8(B)) Q2
_qCRL
100 _aSeadle Michael Au.
_9723163
245 0 _aMeasurement of information integrity
_cSeadle Michael Au.
260 _aLondon, UK
_bRoutledge
_c2022
300 _axii,166p.
365 _aUKP
_b34.99
650 _aLibrary Science
942 _cTB
_h2:97(D65,8(B)) Q2
999 _c1228508
_d1228508